00659cam a22002057a 4500003000500000005001700005008004100022010000900063011000900072035000900081040000900090100003000099245007100129260007500200300001000275500008600285650002200371650003500393650002500428CHAP20220817041015.0971013s1990 mx r 00010 spa d a4472 a5444 a4651 cCHAP00aEscamilla Prado, Esteban.10aBanco de frutales de climas semicálidos en el centro de Veracruz aChapingo, Méx. :bUACH. Centro Regional Universitario Oriente,c1990 a12 h. aPonencia en: Congreso Nacional de Fitogética (13: 1990: Ciudad Juárez, Chih.)14aArboles frutales.14aArboles frutalesxGermoplasma.14aFrutaxMejoramiento.